|
|
|
|
| LEADER |
00000nam a2200000 a 4500 |
| 001 |
vtls009284887 |
| 003 |
SK-MaSNL |
| 005 |
20260301081607.0 |
| 008 |
240313s2007 xo ol g 000 0 slo |
| 015 |
|
|
|a SNBA2008/10-04789
|
| 020 |
|
|
|a 9788089148363
|q (brož.)
|
| 035 |
|
|
|a 376C3EA1-9703-48D2-A623-B920F018075B
|
| 035 |
|
|
|a urn:nbn:sk:snk-aml9km
|
| 035 |
|
|
|a urn:nbn:sk:snk-am008rgf
|
| 040 |
|
|
|a SNK
|b slo
|c SNK
|e AACR2
|
| 041 |
0 |
|
|a slo
|
| 044 |
|
|
|a xo
|c SK
|
| 072 |
|
7 |
|a 58
|x Botanika
|2 konspekt
|
| 080 |
|
|
|a 582.681.71
|2 2001
|
| 080 |
|
|
|a 635.61/.64
|2 2001
|
| 080 |
|
|
|a (035)
|2 2001
|
| 080 |
|
|
|a 633/635
|2 2001
|
| 100 |
1 |
|
|a Kóňa, Ján,
|d 1959-
|4 aut
|9 216658
|
| 245 |
1 |
0 |
|a Tekvicovité zeleniny
|c Ján Kóňa, Michal Ďurovka, Ján Tancík
|
| 250 |
|
|
|a 1. vyd.
|
| 260 |
|
|
|a Nitra
|b Garmond Nitra
|c 2007
|
| 300 |
|
|
|a 148 s.
|b fotogr., tab.
|c 24 cm
|
| 366 |
|
|
|e 200 výt.
|
| 500 |
|
|
|a Skrat.
|
| 504 |
|
|
|a Bibliogr. s. 146-147
|
| 650 |
0 |
7 |
|a zelenina
|2 SNKPH
|9 2731
|
| 650 |
0 |
7 |
|a tekvicovité
|2 SNKPH
|9 50757
|
| 650 |
0 |
7 |
|a pestovanie úžitkových rastlín
|2 SNKPH
|9 346749
|
| 655 |
|
7 |
|a príručky
|2 SNKPH
|9 74364
|
| 700 |
1 |
|
|a Ďurovka, Michal
|4 aut
|9 405123
|
| 700 |
1 |
|
|a Tancik, Ján,
|d 1959-
|4 aut
|9 242384
|
| 919 |
|
|
|a 978-80-89148-36-3
|
| 958 |
|
|
|a NB
|
| 958 |
|
|
|a OND
|
| 968 |
|
|
|d 63
|
| 999 |
|
|
|c 656304
|d 658234
|
| 952 |
|
|
|a SNK
|b SNK
|y PREZ
|7 0
|p 17A0586106
|o snkSC 131620
|i snk2008/8447
|8 0
|0 0
|1 0
|4 0
|d 2008-04-14
|f 1
|l 0
|r 2025-06-23 00:00:00
|w 2026-02-23
|
| 952 |
|
|
|a SNK
|b SNK
|y VYP
|7 0
|p 17A0586107
|o snkSC 131620 D1
|i snk2008/8448
|8 0
|0 0
|1 0
|4 0
|d 2008-04-14
|l 0
|r 2026-02-23 18:37:20
|w 2026-02-23
|